000 00549nam a22002297a 4500
003 UA-OsUOA
001 32160
007 ta
008 20050124b un ||||| |||| 00| 0 ukr d
090 _a94(477)(092)
_bС48
942 _cBK
040 _aUA-OsUOA
_brus
_cUA-OsUOA
_dUA-OsUOA
245 _aСлово о полку Игореве
300 _a194 с.
955 _a0
041 _arus
080 _a94(477)(092)
260 _aМосква
_bСоветский писатель
_c1945
044 _aRU
650 7 _2UDC
999 _c318598
_d318598